Normal view
MARC view
Entry Personal Name
001 - CONTROL NUMBER
- control field: 1204894
003 - CONTROL NUMBER IDENTIFIER
- control field: OSt
005 - DATE AND TIME OF LATEST TRANSACTION
- control field: 20260324140551.0
008 - FIXED-LENGTH DATA ELEMENTS
- fixed length control field: 260324|| aca||aabn | a|a d
040 ## - CATALOGING SOURCE
- Original cataloging agency: OSt
- Transcribing agency: OSt
100 ## - HEADING--PERSONAL NAME
- Personal name: H.G. Davies; G.A. Hicks; H. Davies
670 ## - SOURCE DATA FOUND
- Source citation: Work cat.: (OSt)1807096: H.G. Davies; G.A. Hicks; H. Davies, Mathematics for Scientific and Technical Students
